| 000 | 00920cam a22002773a 4500 | ||
|---|---|---|---|
| 001 | 2388 | ||
| 003 | PGUSA | ||
| 005 | 20140828083014.0 | ||
| 008 | 001101s2000||||xxu|||||s|||||000 p eng d | ||
| 040 |
_aPGUSA _beng |
||
| 042 | _adc | ||
| 050 | 4 | _aPK | |
| 050 | 4 | _aBL | |
| 245 | 1 | 4 |
_aThe Song Celestial; Or, Bhagavad-Gîtâ (from the Mahâbhârata) : _bBeing a discourse between Arjuna, Prince of India, and the Supreme Being under the form of Krishna _h[electronic resource] |
| 260 |
_bProject Gutenberg, _c2000 |
||
| 500 | _aTranslated from the Sanskrit text. | ||
| 506 | _aPublic domain in the USA. | ||
| 516 | _aElectronic text | ||
| 653 | _aHinduism -- Sacred books | ||
| 653 | _aEpic poetry | ||
| 653 | _aSanskrit poetry -- Translations into English | ||
| 700 | 1 |
_aArnold, Edwin, _cSir, _d1832-1904 |
|
| 830 | 0 |
_aProject Gutenberg _v2388 |
|
| 856 | 4 | 0 | _uhttp://www.gutenberg.org/ebooks/2388 |
| 942 | _cEB | ||
| 999 |
_c231725 _d231725 |
||